Five point someone: (Record no. 192466)

MARC details
000 -LEADER
fixed length control field 00595nam a22001937a 4500
005 - DATE AND TIME OF LATEST TRANSACTION
control field 20220922130937.0
010 ## - LCCN (DPL NO)
LC control number B-745668
020 ## - INTERNATIONAL STANDARD BOOK NUMBER
International Standard Book Number 9788129104595
Terms of availability 95.00
035 ## - SYSTEM CONTROL NUMBER
System control number B-745668
037 ## - SOURCE OF ACQUISITION
Source of stock number/acquisition Rupa Paperback
082 ## - DEWEY DECIMAL CLASSIFICATION NUMBER
Classification number N
100 ## - MAIN ENTRY--PERSONAL NAME
Personal name Bhagat, Chetan
245 ## - TITLE STATEMENT
Title Five point someone:
Remainder of title what not to do at IIT novel /
Statement of responsibility, etc by Chetan Bhagat
260 ## - PUBLICATION, DISTRIBUTION, ETC. (IMPRINT)
Place of publication, distribution, etc New Delhi
Name of publisher, distributor, etc Rupa & Co.
Date of publication, distribution, etc 2010
270 ## - ADDRESS
Address 7/16, Ansari Road, Darya Ganj
City New Delhi
Postal code 110002
300 ## - PHYSICAL DESCRIPTION
Extent 267p.
Dimensions 22cm. (pbk)
942 ## - ADDED ENTRY ELEMENTS (KOHA)
Institution code [OBSOLETE] dpl
Item type English Books
Source of classification or shelving scheme Dewey Decimal Classification
Classification part N
Call number suffix BHA
Holdings
Withdrawn status Lost status Not for loan Collection code Home library Current library Date acquired Source of acquisition Cost, normal purchase price Full call number Barcode Copy number Cost, replacement price Koha item type Public note
      Fiction Central Library Central Library 22/09/2022 22.9.22/Gift 95.00 N BHA B-745668 1 95.00 English Books Gift

© Delhi Public Library
Hit Counter
free hit counter